000 00727nam a2200217 a 4500
008 060316s1970 ||||||||||||||||| || u
020 _a0582311578
050 _aDU 412 Cum
100 _aWhitelaw, James Sydney
245 1 0 _aNew Zealand : the world's landscapes
260 _aHarlow :
_bLongmans
_c1970
300 _axiii, 194 p. illus.
350 _a0.00
490 _aThe World's landscapes
490 _v5
500 _aBibliography
650 _aNEW ZEALAND - GEOGRAPHY
650 _aHUMAN GEOGRAPHY - NEW ZEALAND
700 _aCumberland, Kenneth Brailey
995 _D0.00
_FCBU-MAIN LIBRARY (Kitwe)
_H1
_I12.75
_UAVAILABLE
_ZMain Library Open Access Collection
999 _c52216
_d52216